ბათუმის შოთა რუსთაველის სახელმწიფო უნივერსიტეტის ბიბლიოთეკა

ანტიკური ლირიკა / (ბიბ.ჩანაწერი № 55930)

000 -ლიდერი
ფიქსირებული სიგრძის საკონტროლო ველი 01589nam a2200217Ia 4500
001 - საკონტროლო ნომერი
საკონტროლო ველი 23029
003 - საკონტროლო ნომრის იდენტიფიკატორი
საკონტროლო ველი GE_BSU
005 - ბოლო ოპერაციის თარიღი და დრო
საკონტროლო ველი 20230628170144.0
008 - ფიქსირებული სიგრძის მონაცემთა ელემენტები - ზოგადი ინფორმაცია
ფიქსირებული სიგრძის საკონტროლო ველი 181216s1988||||ge |||||||||||||| ||geo||
040 ## - კატალოგიზაციის წყარო
Transcribing agency GE_BSU
041 ## - ენის კოდი
Language code of text/sound track or separate title geo
080 ## - უნივერსალური ათობითი კლასიფიკაციის ინდექსი
Universal Decimal Classification number 821.14'01-1 ა-69
245 ## - ცნობა სათაურის შესახებ
Title ანტიკური ლირიკა /
Statement of responsibility, etc ძვ. ბერძნ. და ლათინ. თარგმნა, წინასიტყვ. და შენიშვ. დაურთო გ. სარიშვილმა.
264 ## - წარმოების, გამოცემის, დისტრიბუციის და სხვა ცნობები
გამოცემის, წარმოების, დისტრიბუციის... ადგილი თბილისი :
გამოცემის, წარმოების, დისტრიბუციის... სახელწოდება საბჭ. საქართველო,
გამოცემის, წარმოების, დისტრიბუციის... თარიღი 1988.
300 ## - ფიზიკური აღწერა
Extent 166 გვ. ;
Dimensions 20 სმ.
500 ## - ზოგადი შენიშვნა
General note შენიშვნები : გვ. 153-165
653 ## - INDEX TERM--UNCONTROLLED
Uncontrolled term ანტიკური ლირიკა
653 ## - INDEX TERM--UNCONTROLLED
Uncontrolled term კალინე. ტირტეოსი. არქილოგე. მიმნერმე კოლოფონელი. სოლონი. სიმონიდე. ამორგოსელი. ალკეოსი. საფო. ანაკრეონტი. ალკმანი. სტესიქორე. იმიკოსი. სიმონიდე კეოსელი. პინდარე. თეოგნიდე. კორინა. პრაქსილა. პაკქილიდე. პლატონი. პარასიოსი. დემოკოდე. ერინა. სიმია. მეროდოსი. მეილინი. კატულუსი. ჰორაციუსი. ტიბულუსი.
942 ## - ADDED ENTRY ELEMENTS (KOHA)
Koha item type წიგნი
Source of classification or shelving scheme
ეგზემპლარები
ჩამოწერის სტატუსი დაკარგული ეგზემპლარის სტატუსი კლასიფიკაციის წყარო ან თაროზე გაწყობის სქემა დაზიანების სტატუსი არ გაიცემა მუდმივი მდებარეობა (დაცვის ადგილი) ამჟამინდელი ადგილსამყოფელი თაროზე განთავსების ადგილი შეძენის თარიღი ღირებულება, შესყიდვის ნორმალური ფასი სრული შენახვის შიფრი შტრიხკოდი ბოლო ოპერაციის თარიღი ეგზემპლარის მიმდევრობითი ნომერი (კეტერი?) ფასის ძალაში შესვლის თარიღი ეგზემპლარის სახეობა საჯარო შენიშვნა
          ბათუმის შოთა რუსთაველის სახელმწიფო უნივერსიტეტის მთავარი ბიბლიოთეკა ბათუმის შოთა რუსთაველის სახელმწიფო უნივერსიტეტის მთავარი ბიბლიოთეკა წიგნსაცავი 2018-12-17 5.00 821.14'01-1 ა-69 58462 2018-12-17 58462 2018-12-17 წიგნი 5.00 ₾.